Metal Musicians Quiz - Statistics

General Stats
  • This quiz has been taken 497 times
  • The average score is 8 of 15
Answer Stats
Musician Band % Correct
Kirk Hammett Metallica
98%
Dave Mustaine Megadeth
84%
Serj Tankian System Of A Down
83%
Dimebag Darrell Pantera
81%
Jonathan Davis Korn
70%
Tom Araya Slayer
68%
Shawn Crahan Slipknot
59%
Synyster Gates Avenged Sevenfold
58%
Scott Ian Anthrax
56%
Nicko McBrain Iron Maiden
50%
David Draiman Disturbed
49%
Vic Fuentes Pierce The Veil
22%
Jinxx Black Veil Brides
15%
Peter Iwers In Flames
7%
Mike Luce Drowning Pool
5%
No matching quizzes found
Score Distribution
Percent of People with Each Score
Percentile by Number Answered
Your Score History
You have not taken this quiz